Surveying for civil engineers. (Record no. 544087)
[ view plain ]
| 000 -LEADER | |
|---|---|
| fixed length control field | 00491nam a22001691 4500 |
| 082 00 - DEWEY DECIMAL CLASSIFICATION NUMBER | |
| Classification number | 526.9 |
| Author Mark | KIS |
| -- | L-26, P-37 |
| 100 1# - MAIN ENTRY--PERSONAL NAME | |
| Personal name | Kissam, Philip, |
| 9 (RLIN) | 39632 |
| 245 10 - TITLE STATEMENT | |
| Title | Surveying for civil engineers. |
| 260 ## - PUBLICATION, DISTRIBUTION, ETC. | |
| Place of publication, distribution, etc. | New York, |
| Name of publisher, distributor, etc. | McGraw-Hill, |
| Date of publication, distribution, etc. | 1956. |
| 300 ## - PHYSICAL DESCRIPTION | |
| Extent | 716 p. |
| Other physical details | illus. |
| Dimensions | 24 cm. |
| 526 ## - STUDY PROGRAM INFORMATION NOTE | |
| Program name | 0 |
| Interest level | 0 |
| Reading level | 0 |
| Title point value | 526_900000000000000_KIS |
| 526 ## - STUDY PROGRAM INFORMATION NOTE | |
| Program name | 0 |
| Interest level | 0 |
| Reading level | 0 |
| Title point value | 526_900000000000000_KIS |
| 526 ## - STUDY PROGRAM INFORMATION NOTE | |
| Program name | 0 |
| Interest level | 0 |
| Reading level | 0 |
| Title point value | 526_900000000000000_KIS |
| 650 #0 - SUBJECT ADDED ENTRY--TOPICAL TERM | |
| Topical term or geographic name entry element | MCE |
| 9 (RLIN) | 379 |
| 650 #0 - SUBJECT ADDED ENTRY--TOPICAL TERM | |
| Topical term or geographic name entry element | Surveying. |
| 942 ## - ADDED ENTRY ELEMENTS (KOHA) | |
| Source of classification or shelving scheme | |
| Koha item type | Book |
| Withdrawn status | Lost status | Source of classification or shelving scheme | Damaged status | Not for loan | Permanent Location | Current Location | Date acquired | Total Checkouts | Full call number | Barcode | Date last seen | Price effective from | Koha item type |
|---|---|---|---|---|---|---|---|---|---|---|---|---|---|
| Military College of Engineering (MCE) | Military College of Engineering (MCE) | 04/11/2014 | 526.9 KIS | MCE-33134 | 04/11/2014 | 04/11/2014 | Book | ||||||
| Military College of Engineering (MCE) | Military College of Engineering (MCE) | 04/11/2014 | 526.9 KIS | MCE-10084 | 04/11/2014 | 04/11/2014 | Book | ||||||
| Military College of Engineering (MCE) | Military College of Engineering (MCE) | 11/18/2015 | 526.9 KIS | MCE-3198 | 11/18/2015 | 11/18/2015 | Book |
